[Event "GER-chT U20 Girls "]
[Site "Chemnitz"]
[Date "2009.12.28"]
[Round "3.3"]
[White "Micklich, Rahel"]
[Black "Sadewasser, Lucie"]
[Result "1-0"]
[WhiteElo "1778"]
[BlackElo "1124"]
[PlyCount "33"]
[EventDate "2009.12.27"]
[EventType "team-swiss"]
[EventRounds "7"]
[EventCountry "GER"]
[SourceTitle "EXT 2022"]
[Source "ChessBase"]
[SourceDate "2021.10.06"]
[SourceVersion "1"]
[SourceVersionDate "2021.10.06"]
[SourceQuality "1"]
[WhiteTeam "Porz SG U20 Girls"]
[BlackTeam "Gryps SV U20 Girls"]
[WhiteTeamCountry "GER"]
[BlackTeamCountry "GER"]

1. d4 d5 2. c4 dxc4 3. e4 e5 4. d5 Nf6 5. Nc3 Bc5 6. Bxc4 Qd6 7. h3 Qb6 8. Qe2 0-0 9. Nf3 Nbd7 10. 0-0 Re8 11. a4 Qa5 12. Nb5 a6 13. Bd2 Qb6 14. a5 Bxf2+ 15. Rxf2 Qc5 16. Be3 Qb4 17. Nxc7 1-0

[Event "GER-chT U20 Girls"]
[Site "Arendsee"]
[Date "2008.12.29"]
[Round "4.3"]
[White "Micklich, Rahel"]
[Black "Bojahr, Franziska"]
[Result "1-0"]
[WhiteElo "1715"]
[BlackElo "1303"]
[PlyCount "43"]
[EventDate "2008.12.27"]
[EventType "team-swiss"]
[EventRounds "5"]
[EventCountry "GER"]
[SourceTitle "EXT 2010"]
[Source "ChessBase"]
[SourceDate "2010.11.25"]
[SourceVersion "1"]
[SourceVersionDate "2010.11.25"]
[SourceQuality "1"]
[WhiteTeam "Porz SG U20 Girls"]
[BlackTeam "Fritzdorf Gruen Weiss U20 Girls"]
[WhiteTeamCountry "GER"]
[BlackTeamCountry "GER"]

1. d4 Nf6 2. c4 e6 3. Nc3 d5 4. Bg5 Be7 5. e3 h6 6. Bh4 b6 7. Nf3 c5 8. cxd5 Nxd5 9. Bxe7 Qxe7 10. Nxd5 exd5 11. dxc5 bxc5 12. Qxd5 Bb7 13. Bb5+ Kf8 14. Qf5 Nc6 15. Bxc6 Bxc6 16. Ne5 Qe8 17. Ng6+ Kg8 18. Nxh8 Kxh8 19. 0-0 Qe7 20. Rac1 Bb5 21. Rfd1 c4 22. Qxb5 1-0

[Event "GER-ch U16 Girls"]
[Site "Willingen"]
[Date "2008.05.11"]
[Round "6"]
[White "Sonnhalter, Stella"]
[Black "Micklich, Rahel"]
[Result "1/2-1/2"]
[WhiteElo "1530"]
[BlackElo "1786"]
[PlyCount "46"]
[EventDate "2008.05.11"]
[EventType "swiss"]
[EventRounds "9"]
[EventCountry "GER"]
[SourceTitle "CBM 124 Extra"]
[Source "ChessBase"]
[SourceDate "2008.07.03"]
[SourceVersion "1"]
[SourceVersionDate "2008.07.03"]
[SourceQuality "1"]

1. e4 c5 2. Nf3 d6 3. d4 cxd4 4. Nxd4 Nf6 5. Nc3 a6 6. Qf3 e6 7. g4 h6 8. Be3 e5 9. Nb3 Bxg4 10. Qg3 Be6 11. Nd2 b5 12. f4 Nh5 13. Qf3 Nxf4 14. Bxf4 exf4 15. Qxf4 Be7 16. 0-0-0 Bg5 17. Qf3 Qa5 18. h4 Be7 19. Nb3 Qc7 20. Nd5 Bxd5 21. Rxd5 0-0 22. Qg3 Rc8 23. Bd3 Nc6 1/2-1/2

[Event "NRW-ch U16 Girls"]
[Site "Kranenburg"]
[Date "2008.03.25"]
[Round "2"]
[White "Schuetten, Annalisa"]
[Black "Micklich, Rahel"]
[Result "0-1"]
[WhiteElo "1225"]
[BlackElo "1615"]
[PlyCount "38"]
[EventDate "2008.03.24"]
[EventType "swiss"]
[EventRounds "7"]
[EventCountry "GER"]
[SourceTitle "EXT 2009"]
[Source "ChessBase"]
[SourceDate "2008.11.26"]
[SourceVersion "1"]
[SourceVersionDate "2008.11.26"]
[SourceQuality "1"]

1. e4 c5 2. c4 d6 3. Nc3 Nf6 4. Nf3 Bg4 5. Be2 Nc6 6. d3 g6 7. Be3 Bg7 8. Qd2 0-0 9. Bh6 Bxf3 10. Bxf3 Nd4 11. Rc1 Nd7 12. h4 Ne5 13. Be2 e6 14. h5 f5 15. hxg6 hxg6 16. Bxg7 Kxg7 17. exf5 Nxf5 18. g4 Nh4 19. d4 Nef3+ 0-1

[Event "GER-chT U14 Girls"]
[Site "Stuttgart"]
[Date "2007.12.29"]
[Round "6.1"]
[White "Schulz, Anja2222"]
[Black "Micklich, Rahel"]
[Result "1-0"]
[WhiteElo "1790"]
[BlackElo "1595"]
[PlyCount "49"]
[EventDate "2007.12.27"]
[EventType "team-swiss"]
[EventRounds "7"]
[EventCountry "GER"]
[SourceTitle "EXT 2009"]
[Source "ChessBase"]
[SourceDate "2008.11.26"]
[SourceVersion "1"]
[SourceVersionDate "2008.11.26"]
[SourceQuality "1"]
[WhiteTeam "Chemnitz USG U14 Girls"]
[BlackTeam "Porz SG U14 Girls"]
[WhiteTeamCountry "GER"]
[BlackTeamCountry "GER"]

1. e4 c5 2. Nf3 d6 3. d4 cxd4 4. Nxd4 Nf6 5. Nc3 a6 6. Be3 e6 7. f3 b5 8. Qd2 Nbd7 9. g4 h6 10. h4 Bb7 11. Bd3 Ne5 12. 0-0-0 b4 13. Nce2 d5 14. exd5 Nxd5 15. g5 g6 16. Kb1 Nxd3 17. Qxd3 Nxe3 18. Qxe3 Qe7 19. Ng3 hxg5 20. Qe5 Rg8 21. Ne4 Bxe4 22. Qxe4 Rc8 23. Qe2 Ra8 24. Nc6 Qc5 25. Qxa6 1-0

[Event "GER-ch U14 Girls"]
[Site "Willingen"]
[Date "2007.06.02"]
[Round "9"]
[White "Sonnhalter, Stella"]
[Black "Micklich, Rahel"]
[Result "1/2-1/2"]
[WhiteElo "1426"]
[BlackElo "1795"]
[PlyCount "89"]
[EventDate "2007.05.26"]
[EventType "swiss"]
[EventRounds "9"]
[EventCountry "GER"]
[SourceTitle "CBM 118 Extra"]
[Source "ChessBase"]
[SourceDate "2007.07.04"]
[SourceVersion "1"]
[SourceVersionDate "2007.07.04"]
[SourceQuality "1"]

1. e4 c5 2. Nf3 d6 3. d4 cxd4 4. Nxd4 Nf6 5. Nc3 a6 6. Be3 e6 7. f3 Be7 8. g4 Qc7 9. Qd2 b5 10. 0-0-0 b4 11. Na4 Qa5 12. b3 h6 13. Kb1 d5 14. g5 hxg5 15. Bxg5 dxe4 16. Bxf6 Bxf6 17. fxe4 Bb7 18. Bg2 Be5 19. h3 0-0 20. a3 Qc7 21. Qxb4 Rc8 22. c4 Nc6 23. Nxc6 Bxc6 24. Nb6 Rcb8 25. c5 a5 26. Qc4 Ra7 27. Rd3 Bf6 28. Rd6 Be7 29. Rd2 Bxc5 30. Na4 Bxa3 31. Rc2 Rxb3+ 32. Ka2 Rb4 33. Qxc6 Qxc6 34. Rxc6 Rxa4 35. Kb3 Rb4+ 36. Kxa3 Rd7 37. Rhc1 Rdd4 38. R6c5 Ra4+ 39. Kb3 Rdb4+ 40. Kc3 Ra3+ 41. Kd2 Rg3 42. Bf1 a4 43. Ra5 a3 44. Rc2 Rgb3 45. Bd3 1/2-1/2

[Event "GER-ch U14 Girls"]
[Site "Willingen"]
[Date "2007.05.29"]
[Round "6"]
[White "Micklich, Rahel"]
[Black "Stark, Saskia"]
[Result "1/2-1/2"]
[WhiteElo "1795"]
[BlackElo "1530"]
[PlyCount "102"]
[EventDate "2007.05.26"]
[EventType "swiss"]
[EventRounds "9"]
[EventCountry "GER"]
[SourceTitle "CBM 118 Extra"]
[Source "ChessBase"]
[SourceDate "2007.07.04"]
[SourceVersion "1"]
[SourceVersionDate "2007.07.04"]
[SourceQuality "1"]

1. d4 d5 2. c4 e6 3. Nc3 Nf6 4. Bg5 Nbd7 5. e3 c6 6. Bd3 Qa5 7. Bh4 dxc4 8. Bxc4 Ne4 9. Nge2 Nb6 10. Bd3 Nxc3 11. Nxc3 Bb4 12. Qb3 Nd5 13. Rc1 0-0 14. 0-0 Nxc3 15. bxc3 Bd6 16. f4 c5 17. g4 Qc7 18. Rc2 Qc6 19. Rg2 b6 20. Qb1 f5 21. gxf5 exf5 22. Bc4+ Kh8 23. Qe1 Bb7 24. d5 Qd7 25. Rf3 Qf7 26. Rfg3 g6 27. Qd1 a6 28. a4 Rfe8 29. Ba2 b5 30. c4 bxc4 31. Qa1+ Kg8 32. Bxc4 Re4 33. Bd3 Rb4 34. Rg5 Bc8 35. Be1 Rb3 36. Bc3 Qxd5 37. Bc2 Rb7 38. h4 Qe6 39. Kf2 Re7 40. Qc1 Qd5 41. h5 Kf7 42. hxg6+ hxg6 43. Rxg6 Ke8 44. Rg8+ Kd7 45. Qb1 Kc6 46. a5 Rb7 47. Ba4+ Kc7 48. R2g7+ Kb8 49. Bd7 Qxg8 50. Qd3 Qa2+ 51. Kf3 Rxd7 1/2-1/2

[Event "GER-chT U14 Girls"]
[Site "Burg Stargard"]
[Date "2006.12.28"]
[Round "4.1"]
[White "Micklich, Rahel"]
[Black "Pohl, Theresa"]
[Result "1-0"]
[WhiteElo "1473"]
[BlackElo "1250"]
[PlyCount "53"]
[EventDate "2006.12.27"]
[EventType "team-swiss"]
[EventRounds "7"]
[EventCountry "GER"]
[SourceTitle "EXT 2008"]
[Source "ChessBase"]
[SourceDate "2007.11.25"]
[SourceVersion "1"]
[SourceVersionDate "2007.11.25"]
[SourceQuality "1"]
[WhiteTeam "Porz SG U14 Girls"]
[BlackTeam "Leegebruch U14 Girls"]
[WhiteTeamCountry "GER"]
[BlackTeamCountry "GER"]

1. d4 Nf6 2. c4 g6 3. Nc3 Bg7 4. e4 d6 5. f4 0-0 6. Nf3 c5 7. d5 e6 8. Be2 Bd7 9. 0-0 Na6 10. h3 Nc7 11. e5 Nfe8 12. Ne4 exd5 13. cxd5 Bf5 14. Nc3 a6 15. a4 Rb8 16. a5 dxe5 17. fxe5 f6 18. e6 Nd6 19. Bf4 Rc8 20. g4 Be4 21. Bxd6 Bxf3 22. Bxf8 Bxe2 23. Qxe2 Qxf8 24. e7 Qe8 25. d6 Nb5 26. Qe6+ Kh8 27. d7 1-0

[Event "GER-ch U14 Girls"]
[Site "Willingen"]
[Date "2006.06.09"]
[Round "9"]
[White "Kinzel, Tiffany"]
[Black "Micklich, Rahel"]
[Result "1-0"]
[WhiteElo "1385"]
[BlackElo "1785"]
[PlyCount "77"]
[EventDate "2006.06.03"]
[EventType "swiss"]
[EventRounds "9"]
[EventCountry "GER"]
[SourceTitle "EXT 2007"]
[Source "ChessBase"]
[SourceDate "2006.11.23"]
[SourceVersion "1"]
[SourceVersionDate "2006.11.23"]
[SourceQuality "1"]

1. d4 Nf6 2. e3 e6 3. Bd3 d5 4. f4 c5 5. c3 Be7 6. Nf3 0-0 7. Nbd2 Nc6 8. 0-0 b6 9. Ne5 Qc7 10. Qf3 a5 11. Re1 Ba6 12. Bb1 b5 13. Qh3 Rfc8 14. g4 g6 15. Qg3 Nd7 16. Ndf3 Bf6 17. h4 Kg7 18. g5 Be7 19. Nh2 b4 20. Nhg4 a4 21. Nh6 Rf8 22. h5 bxc3 23. bxc3 cxd4 24. exd4 Nd8 25. Bd2 Nb7 26. hxg6 hxg6 27. Qh3 Nxe5 28. fxe5 Rh8 29. Qf3 Raf8 30. Bc2 a3 31. Kg2 Na5 32. Rh1 Nc4 33. Bf4 Qd8 34. Qg4 Qa5 35. Rh3 Rb8 36. Bb3 Rbc8 37. Rah1 Rhf8 38. Qf3 Bd8 39. Ng4 1-0

[Event "GER-ch U14 Girls"]
[Site "Willingen"]
[Date "2006.06.04"]
[Round "2"]
[White "Micklich, Rahel"]
[Black "Endress, Anna"]
[Result "0-1"]
[WhiteElo "1785"]
[BlackElo "1949"]
[PlyCount "58"]
[EventDate "2006.06.03"]
[EventType "swiss"]
[EventRounds "9"]
[EventCountry "GER"]
[SourceTitle "EXT 2007"]
[Source "ChessBase"]
[SourceDate "2006.11.23"]
[SourceVersion "1"]
[SourceVersionDate "2006.11.23"]
[SourceQuality "1"]

1. d4 d5 2. c4 e6 3. Nc3 Nf6 4. Bg5 Be7 5. e3 0-0 6. Nf3 h6 7. Bh4 b6 8. cxd5 Nxd5 9. Bxe7 Qxe7 10. Rc1 Rd8 11. Bd3 Bb7 12. 0-0 Nb4 13. Bb1 c5 14. a3 cxd4 15. axb4 dxc3 16. Qc2 g6 17. Qxc3 Bxf3 18. gxf3 Na6 19. b5 Qg5+ 20. Kh1 Qxb5 21. Rg1 e5 22. Be4 Rac8 23. Qxc8 Rxc8 24. Rxc8+ Kg7 25. Rc2 Nc5 26. Rgc1 h5 27. Bd5 h4 28. Bc4 Qd7 29. Rg1 Qf5 0-1

[Event "GER-ch U14 Girls"]
[Site "Willingen"]
[Date "2006.06.04"]
[Round "1"]
[White "Stitterich, Nadine"]
[Black "Micklich, Rahel"]
[Result "1/2-1/2"]
[WhiteElo "1470"]
[BlackElo "1785"]
[PlyCount "78"]
[EventDate "2006.06.03"]
[EventType "swiss"]
[EventRounds "9"]
[EventCountry "GER"]
[SourceTitle "EXT 2007"]
[Source "ChessBase"]
[SourceDate "2006.11.23"]
[SourceVersion "1"]
[SourceVersionDate "2006.11.23"]
[SourceQuality "1"]

1. e4 c5 2. Nf3 d6 3. d4 cxd4 4. Nxd4 Nf6 5. Nc3 a6 6. Be3 e6 7. Bd3 Be7 8. 0-0 0-0 9. f4 b5 10. Qe2 Qc7 11. Rae1 Bb7 12. Kh1 b4 13. Nb1 Nxe4 14. Bxe4 Bxe4 15. Bd2 d5 16. Rc1 Nc6 17. Nxc6 Qxc6 18. c3 Qb5 19. Qe1 b3 20. c4 Qb7 21. axb3 dxc4 22. Qg3 Bf6 23. Bc3 Bxc3 24. Nxc3 Rac8 25. Nxe4 Qxe4 26. bxc4 Rxc4 27. Rxc4 Qxc4 28. Qf2 Rd8 29. Kg1 Qd4 30. Qxd4 Rxd4 31. g3 Rd2 32. Ra1 Rxb2 33. Rxa6 g6 34. Ra8+ Kg7 35. Ra7 Kf6 36. Ra5 Rd2 37. Rc5 h6 38. Rb5 Rd5 39. Rb3 Rd2 1/2-1/2

[Event "Bad Ems op"]
[Site "Bad Ems"]
[Date "2006.03.04"]
[Round "1"]
[White "Tepe, Josef"]
[Black "Micklich, Rahel"]
[Result "1-0"]
[WhiteElo "2103"]
[BlackElo "1785"]
[PlyCount "51"]
[EventDate "2006.03.04"]
[EventType "swiss"]
[EventRounds "9"]
[EventCountry "GER"]
[SourceTitle "EXT 2007"]
[Source "ChessBase"]
[SourceDate "2006.11.23"]
[SourceVersion "1"]
[SourceVersionDate "2006.11.23"]
[SourceQuality "1"]

1. d4 Nf6 2. Bg5 e6 3. e4 Be7 4. e5 Nd5 5. Bxe7 Nxe7 6. f4 d5 7. c3 Nd7 8. b4 b6 9. b5 c6 10. a4 a6 11. Ra3 cxb5 12. axb5 a5 13. Bd3 Bb7 14. Qh5 Nf8 15. Ne2 Nfg6 16. 0-0 Qd7 17. g4 0-0-0 18. f5 Nf8 19. Qxf7 Ng8 20. fxe6 Nxe6 21. Qxd7+ Rxd7 22. Bf5 Re7 23. Nf4 Kd7 24. Bxe6+ Rxe6 25. Nxe6 Kxe6 26. Rf8 1-0

[Event "Muenster Bezirksliga 0506"]
[Site "Muenster"]
[Date "2005.12.17"]
[Round "4.7"]
[White "Wolf, Manfred"]
[Black "Micklich, Rahel"]
[Result "0-1"]
[WhiteElo "1639"]
[BlackElo "1462"]
[PlyCount "74"]
[EventDate "2005.09.10"]
[EventType "team"]
[EventRounds "9"]
[EventCountry "GER"]
[SourceTitle "EXT 2007"]
[Source "ChessBase"]
[SourceDate "2006.11.23"]
[SourceVersion "1"]
[SourceVersionDate "2006.11.23"]
[SourceQuality "1"]
[WhiteTeam "Muenster"]
[BlackTeam "Muenster IV"]
[WhiteTeamCountry "GER"]
[BlackTeamCountry "GER"]

1. d4 Nf6 2. c4 e6 3. Nc3 d5 4. Nf3 Nbd7 5. Bg5 c6 6. e3 Qa5 7. Bxf6 Nxf6 8. Nd2 Bb4 9. Qc1 0-0 10. Be2 Re8 11. 0-0 e5 12. dxe5 Rxe5 13. Nf3 Re8 14. Nd4 Bxc3 15. Nb3 Bxb2 16. Qxb2 Qb4 17. cxd5 Nxd5 18. Rac1 Be6 19. Qc2 Rad8 20. Nd4 Nb6 21. Bd3 h6 22. Nxe6 Rxe6 23. Rfd1 Red6 24. e4 R6d7 25. e5 Qf4 26. Bh7+ Kh8 27. Rxd7 Rxd7 28. Rf1 Rd2 29. Qf5 Qxf5 30. Bxf5 Rxa2 31. f4 Nd5 32. Bb1 Ra1 33. Rd1 g6 34. e6 fxe6 35. Kf2 a5 36. g3 a4 37. Re1 a3 0-1

[Event "GER-ch U12"]
[Site "Willingen"]
[Date "2005.05.16"]
[Round "4"]
[White "Weissbeck, Simon"]
[Black "Micklich, Rahel"]
[Result "1-0"]
[WhiteElo "1439"]
[BlackElo "1294"]
[PlyCount "95"]
[EventDate "2005.05.14"]
[EventType "swiss"]
[EventRounds "11"]
[EventCountry "GER"]
[SourceTitle "CBM 106 Extra"]
[Source "ChessBase"]
[SourceDate "2005.07.01"]
[SourceVersion "1"]
[SourceVersionDate "2005.07.01"]
[SourceQuality "1"]

1. e4 c5 2. c3 Nc6 3. d4 cxd4 4. cxd4 d5 5. e5 e6 6. Bb5 Bd7 7. Nf3 Qa5+ 8. Nc3 Bb4 9. 0-0 Bxc3 10. Bxc6 Bxc6 11. bxc3 Qxc3 12. Bg5 Qa5 13. Qb3 Ne7 14. Rfc1 Rc8 15. Rab1 Qd8 16. Qa3 a6 17. Ne1 Qd7 18. Nd3 0-0 19. Qxe7 Qxe7 20. Bxe7 Rfe8 21. Ba3 Bb5 22. Rxc8 Rxc8 23. Rc1 Bc4 24. Nb2 b5 25. Nxc4 dxc4 26. Kf1 a5 27. Bc5 g5 28. Ke2 h5 29. Kd2 Kg7 30. a3 f5 31. Bd6 Kg6 32. Rb1 c3+ 33. Kd3 b4 34. axb4 axb4 35. Bxb4 c2 36. Rc1 Rb8 37. Bd2 Rb1 38. Kxc2 Rxc1+ 39. Kxc1 f4 40. f3 Kf5 41. Kd1 g4 42. Ke2 h4 43. fxg4+ Kxg4 44. d5 Kf5 45. d6 Kxe5 46. d7 Kf5 47. Bxf4 Kxf4 48. d8Q 1-0

[Event "NRW-ch U12"]
[Site "Kranenburg"]
[Date "2005.04.02"]
[Round "7"]
[White "Schreyer, Erik"]
[Black "Micklich, Rahel"]
[Result "1-0"]
[WhiteElo "1345"]
[BlackElo "1218"]
[PlyCount "141"]
[EventDate "2005.03.28"]
[EventType "swiss"]
[EventRounds "7"]
[EventCountry "GER"]
[SourceTitle "CBM 105 Extra"]
[Source "ChessBase"]
[SourceDate "2005.05.01"]
[SourceVersion "1"]
[SourceVersionDate "2005.05.01"]
[SourceQuality "1"]

1. e4 c5 2. c3 Nf6 3. e5 Nd5 4. d4 cxd4 5. Nf3 Nb6 6. cxd4 d6 7. Bd3 e6 8. 0-0 Be7 9. Nc3 0-0 10. Qc2 h6 11. Ne4 d5 12. Ng3 Nc6 13. Nh5 Nb4 14. Qd2 Nxd3 15. Qxd3 Bd7 16. Qe3 Nc4 17. Qf4 Bg5 18. Nxg5 Qxg5 19. Qxg5 hxg5 20. b3 Na5 21. Bxg5 Rac8 22. Rac1 Nc6 23. Be3 Ne7 24. Ng3 Rxc1 25. Rxc1 Rc8 26. Rxc8+ Bxc8 27. Kf1 Kf8 28. Ke2 b6 29. Kd3 Ba6+ 30. Kc3 Nc6 31. a4 b5 32. axb5 Bxb5 33. Bc1 Ke7 34. Ba3+ Kd7 35. Nh5 g6 36. Nf6+ Kc7 37. g4 Be2 38. h4 Kd8 39. h5 gxh5 40. gxh5 Ne7 41. h6 Ng6 42. h7 a6 43. Bf8 Kc7 44. Bg7 Kd8 45. h8Q+ Nxh8 46. Bxh8 Ke7 47. Bg7 Bb5 48. Kb4 Be2 49. Kc5 Bb5 50. Kb4 Be2 51. Kc3 Bb5 52. Kd2 Bf1 53. Ke3 Bb5 54. Kf4 Bd3 55. Kg5 Bg6 56. f4 Bf5 57. Ng8+ Ke8 58. Nh6 Bg6 59. f5 exf5 60. Nxf5 Bxf5 61. Kxf5 Ke7 62. b4 Kd7 63. Kf6 Ke8 64. e6 fxe6 65. Kxe6 Kd8 66. Kxd5 Kd7 67. Be5 Kc8 68. Kc6 Kd8 69. Kb6 Kd7 70. Kxa6 Kc6 71. b5+ 1-0